| 000 | 00000nam##2200000za#4500 |
| 001 | 9.676550 |
| 003 | CaOODSP |
| 005 | 20250403105608 |
| 007 | cr ||||||||||| |
| 008 | 150407|1987||||xxc|||||o f|0| 0 fre|d |
| 040 | |aCaOODSP|bfre |
| 041 | |aeng |
| 041 | |afre |
| 043 | |an-cn--- |
| 086 | 1 |aCS94-126/1987-PDF |
| 245 | 00|aCirconscriptions électorales fédérales - ordonnance de représentation de 1976 : partie 2 |h[ressource électronique] |
| 246 | 3 |aProfils |
| 260 | |aOttawa - Ontario : |bStatistique Canada |c1987. |
| 500 | |aPublication du recensement historique numérisé par Statistique Canada. |
| 590 | |a13-07-Supp|b2013-03-25 |
| 691 | 07|aRecensement|2gcpds |
| 710 | 2 |aStatistique Canada. |
| 791 | |tFederal electoral districts - 1976 representation order : part 2 |eeng|w(CaOODSP)9.676549 |
| 856 | 40|ahttp://publications.gc.ca|qPDF|s25.7 Mo|uhttps://publications.gc.ca/collections/collection_2013/statcan/rh-hc/CS94-126-1987.pdf |